| 000 | 00538nam a22001697a 4500 | ||
|---|---|---|---|
| 003 | CEME | ||
| 005 | 20210628205126.0 | ||
| 008 | 210226b xxu||||| |||| 00| 0 eng d | ||
| 040 | _c. | ||
| 082 | _a621.381 MAT'E | ||
| 100 |
_aSingh, Prabjit _974063 |
||
| 245 | _aMaterials developments in microelectronic packaging performance reliability proceedings of the fourth electronic materials and processing congresses | ||
| 260 |
_aUSA _bASM INTERNATIONAL _c1991 |
||
| 300 | _aXI, 403P | ||
| 650 |
_a0-87170-435-8 _974064 |
||
| 942 |
_cBK _2ddc |
||
| 999 |
_c579639 _d579639 |
||